[Event "Medellin Amateur 17th"]
[Site "Medellin"]
[Date "2010.08.07"]
[Round "6.20"]
[White "Lopez, Santiago Quintero11"]
[Black "Restrepo, Jesus"]
[Result "1-0"]
[WhiteElo "1665"]
[BlackElo "1612"]
[PlyCount "61"]
[EventDate "2010.08.04"]
[EventType "swiss"]
[EventRounds "9"]
[EventCountry "COL"]
[SourceTitle "EXT 2024"]
[Source "ChessBase"]
[SourceDate "2023.10.10"]
[SourceVersion "1"]
[SourceVersionDate "2023.10.10"]
[SourceQuality "1"]

1. e4 c6 2. d4 d5 3. exd5 cxd5 4. c4 Nc6 5. Nf3 g6 6. Nc3 Nf6 7. c5 a6 8. Na4 Nd7 9. Qb3 Bg7 10. Qxd5 Qa5+ 11. Nc3 Nf6 12. Qb3 Ne4 13. Be3 0-0 14. Bc4 Rb8 15. 0-0 Nxc3 16. bxc3 b5 17. Bd5 Bb7 18. Ng5 e6 19. Bxe6 fxe6 20. Qxe6+ Kh8 21. Nf7+ Rxf7 22. Qxf7 Qxc3 23. Rac1 Qd3 24. Bf4 Nxd4 25. Bxb8 Ne2+ 26. Kh1 Bxg2+ 27. Kxg2 Qd8 28. Bg3 Nxc1 29. Rxc1 Bd4 30. c6 g5 31. Qd7 1-0